000 01894nam a2200205Ia 4500
999 _c2967
_d2967
020 _a1853391751 (pbk.)
020 _a9781853391750
050 _aHD82.E68
245 0 0 _aEquity and efficiency in economic development :
_bessays in honour of Benjamin Higgins /
_cedited by Donald J. Savoie and Irving Brecher.
260 _aLondon :
_bIntermediate Technology Publications,
_c1992.
300 _axii, 425 p.
_c23cm.
500 _aIncludes bibliography
505 _aEquity and efficiency in development : basic concepts / Benjamin Higgins -- Development, equity, and liberation / Kenneth Boulding -- Development, efficiency, and equity in historical perspective / W.W. Rostow -- Equity and efficiency in the "mature" socialist society, the USSR / Nicolas Spulber -- What is the evidence on income inequality and development? / Irma Adelman -- Fiscal equity and economic development / Richard Musgrave -- The status and efficiency of regional development policies / Albert Breton -- Regional policies for equity : can they be justified? / Niles Hansen -- Equity, efficiency, and the managerial paradigm / Robin Marris -- Hunger / Paul Streeten -- The overexpansion of higher education in the Third World / Mark Blaug -- New directions in Canada's foreign aid? : the Winegard Report and beyond / Irving Brecher with the assistance of David Gillies. The static welfare economics of foreign aid : a consolidation / Murray C. Kemp -- Trade restrictions versus foreign aid as a means of improving a country's welfare / John S. Chipman -- The underdevelopment of development / Andre Gunder Frank and Marta Fuentes Frank -- Toward a new paradigm? : two views / Donald J. Savoie and Benjamin Higgins.
650 0 _aEconomic development.
650 0 _aEconomic policy.
700 1 _aSavoie, Donald J.
700 1 _aBrecher, Irving.
700 1 _aHiggins, Benjamin Howard,
942 _cBK